000 00625nam a2200217 i 4500
001 5873
003 ES-MaACL
005 20230906144719.0
007 t|
008 890601s1987 sp f ||||1| spa d
020 _a84-7288-012-5
080 _a338.98(02)
100 1 _aFernández Díaz, Andrés.
_949739
245 1 0 _aPolítica económica coyuntural /
_cAndrés Fernández Díaz.
250 _a3ª ed. rev. y actualizada.
260 _aMadrid :
_bAC,
_cD.L. 1987.
300 _aXII, 309 p. ;
_c24 cm.
504 _aBibliografía.
650 0 4 _aPolítica económica.
_916293
852 _aES-MaACL
_jL-12882
_z. - rúst.
999 _c5873
_d5873